000 00649nam a2200193Ia 4500
003 GCL
008 140319s9999 xx 000 0 ara d
040 _aGCL /
_cGCL
082 0 4 _a813.088
_bم ا
100 1 _aمحمد قادرى
245 1 0 _aاسمار الببغاء :
_bمن قصص التراث الاسلامى /
_cمحمد قادرى
260 _aالقاهرة :
_bالمجلس الاعلى للثقافة ،
_c2003
300 _a173 ص ؛
_c20 سم
650 0 4 _aالقصص العربية
650 0 4 _aالقصص القصيرة
650 0 4 _aالقصص الفكاهية
650 0 4 _aالقصص - مجموعات
942 _2ddc
_cBK
999 _c57116
_d57116